Statistics for NHL Most Points By Defensemen All Time

Click here to take the quiz!

General Stats

  • This quiz has been taken 78 times
  • The average score is 17 of 30

Answer Stats

Years ActivePointsAnswer% Correct
1979-20011579Ray Bourque
93%
1991-20121142Nicklas Lidstrom
92%
1980-20011531Paul Coffey
92%
1966-1978915Bobby Orr
90%
1984-2010948Chris Chelios
87%
1972-1992958Larry Robinson
85%
1981-20031274Al MacInnis
84%
1987-20061028Brian Leetch
82%
1993-2011698Chris Pronger
77%
1973-19881052Denis Potvin
75%
1982-20031232Phil Housley
72%
1982-2004908Scott Stevens
72%
1991-2010740Scott Niedermayer
67%
1980-20011217Larry Murphy
66%
1989-2010777Rob Blake
64%
1973-1990787Borje Salming
59%
1984-2001677Kevin Hatcher
49%
1968-1985896Brad Park
48%
1985-2002844Gary Suter
48%
1992-2008771Sergei Zubov
46%
1979-1995742Mark Howe
41%
1994-2015811Sergei Gonchar
41%
1977-1993827Doug Wilson
33%
1976-1993647Randy Carlyle
25%
1986-2002752Steve Duchesne
25%
1976-1990685Reed Larson
20%
1987-2010743Mathieu Schneider
18%
1980-1999723Dave Babych
13%
1983-2006639James Patrick
5%
1953-1975710Doug Mohns
2%

Score Distribution

Percentile by Number Answered

Percent of People with Each Score

Your Score History

You have not taken this quiz